[Event "LTU-ch"]
[Site "Kaunas"]
[Date "2001.05.15"]
[Round "8"]
[White "Piesina, Gintautas"]
[Black "Malisauskas, Vidmantas"]
[Result "1-0"]
[WhiteElo "2389"]
[BlackElo "2518"]
[PlyCount "168"]
[EventDate "2001.05.10"]
[EventType "tourn"]
[EventRounds "13"]
[EventCountry "LTU"]
[EventCategory "7"]
[SourceTitle "CBM 082 Extra"]
[Source "ChessBase"]
[SourceDate "2001.07.03"]
[SourceVersion "1"]
[SourceVersionDate "2001.07.03"]
[SourceQuality "1"]

1. e4 c5 2. Nc3 Nc6 3. Nge2 e5 4. Nd5 Nf6 5. Nxf6+ Qxf6 6. Nc3 d6 7. Bc4 Be6 8. d3 Bxc4 9. dxc4 Qg6 10. 0-0 Be7 11. Be3 0-0 12. f3 Rad8 13. Nd5 Bg5 14. Bf2 f5 15. exf5 Qxf5 16. c3 Kh8 17. Re1 Ne7 18. Nxe7 Bxe7 19. Qd5 Qf7 20. Qe4 Bg5 21. Rad1 Qc7 22. Rd5 Qc6 23. b3 Qa6 24. a4 Qc6 25. Red1 a5 26. Qd3 h6 27. Qg6 Rf6 28. Qe4 Rf4 29. Qg6 Rf6 30. Qc2 Rff8 31. R1d3 Be7 32. Be3 Qc8 33. Rd1 Qc6 34. h3 Qc8 35. Qe4 Qc6 36. Qg4 Qb6 37. Rb1 Qc6 38. Qg6 Rf6 39. Qc2 Rff8 40. Bd2 Rc8 41. Re1 Rc7 42. Re4 Qe8 43. Rg4 Qf7 44. Kf1 Rc6 45. Ke1 Qf5 46. Kd1 Qxc2+ 47. Kxc2 Rf6 48. Re4 Rg6 49. Re2 Bg5 50. Be1 Kg8 51. h4 Be7 52. h5 Re6 53. f4 Bf6 54. Bg3 Re7 55. fxe5 dxe5 56. Red2 b6 57. Rd6 Rec7 58. Rxc6 Rxc6 59. Bf2 Kf7 60. Kd3 Bg5 61. Rb2 Ke6 62. g4 Bc1 63. Rc2 Bf4 64. Ke4 Rd6 65. Rb2 Bc1 66. Rb1 Bg5 67. b4 Rd2 68. bxa5 Rxf2 69. axb6 Rf4+ 70. Kd3 e4+ 71. Ke2 Rf8 72. b7 Bf4 73. Rf1 Rb8 74. Rxf4 Rxb7 75. Rxe4+ Kd6 76. Re8 Ra7 77. Rg8 Ke6 78. Ke3 Kf6 79. Rc8 Kg5 80. Rxc5+ Kxg4 81. a5 g5 82. hxg6 h5 83. Rc8 h4 84. Rh8 Kg3 1-0

[Event "LTU-ch"]
[Site "Kaunas"]
[Date "2001.05.14"]
[Round "7"]
[White "Kveinys, Aloyzas"]
[Black "Piesina, Gintautas"]
[Result "1-0"]
[WhiteElo "2533"]
[BlackElo "2389"]
[PlyCount "75"]
[EventDate "2001.05.10"]
[EventType "tourn"]
[EventRounds "13"]
[EventCountry "LTU"]
[EventCategory "7"]
[SourceTitle "CBM 082 Extra"]
[Source "ChessBase"]
[SourceDate "2001.07.03"]
[SourceVersion "1"]
[SourceVersionDate "2001.07.03"]
[SourceQuality "1"]

1. c4 g6 2. g3 Bg7 3. Bg2 e5 4. Nc3 Ne7 5. d3 d6 6. Nf3 Nbc6 7. 0-0 0-0 8. Rb1 a6 9. Bd2 h6 10. Ne1 g5 11. b4 f5 12. Nc2 Qe8 13. e3 Qf7 14. f4 exf4 15. exf4 gxf4 16. Rxf4 Ne5 17. Qf1 N7g6 18. Rf2 c6 19. h3 Bd7 20. a4 Rad8 21. b5 axb5 22. axb5 Ne7 23. bxc6 bxc6 24. Ne3 Qg6 25. d4 Nf7 26. Ne2 Ng5 27. Kh2 Ne4 28. Bxe4 fxe4 29. Nf4 Qh7 30. d5 c5 31. Rb7 Be5 32. Ba5 Bc8 33. Bxd8 Bxb7 34. Bxe7 Qxe7 35. Ng4 Kh7 36. Ne6 Rxf2+ 37. Qxf2 Bc8 38. Qf5+ 1-0